| 000 | 01633nas a2200457 c 4500 | ||
|---|---|---|---|
| 001 | 25932 | ||
| 003 | ES-MaCES | ||
| 005 | 20250327142814.0 | ||
| 007 | cr ||||||||||| | ||
| 008 | 021004c2001 sp qr p 0 b|spa d | ||
| 017 |
_aM 10422-1970 _bDL |
||
| 022 | 0 | _a1133-4762 | |
| 024 | 7 |
_a161-02-033-0 _2nipo |
|
| 035 | _aCES20020000178p | ||
| 040 |
_aES-MaCES _bspa _cES-MaCES |
||
| 245 | 0 | 0 |
_aCiudad y territorio _p : estudios territoriales |
| 246 | 1 | 3 | _aCYTET |
| 260 |
_aMadrid _bMinisterio de Fomento, Centro de Publicaciones |
||
| 300 |
_av. _c27 cm |
||
| 310 | _aTrimestral | ||
| 500 | _aCerrada la suscripción de la ed. impresa, continua ed. electrónica | ||
| 500 | _aDescripción basada en: n. 129 (otoño 2001) | ||
| 500 | _aBibliografía | ||
| 500 | _aResúmenes en inglés | ||
| 541 | _cCompra | ||
| 650 | 4 |
_ajurisprudencia _928624 |
|
| 650 | 4 |
_alegislación _927153 |
|
| 650 | 4 |
_aplanificación urbana _928620 |
|
| 650 | 4 |
_aurbanización _928625 |
|
| 650 | 4 |
_aterritorio _926789 |
|
| 650 | 4 |
_aciudad _928617 |
|
| 653 | 1 | 0 | _aPolíticas sectoriales |
| 710 | 2 |
_aEspaña _bMinisterio de Fomento _93244 |
|
| 853 | 2 | 1 |
_avol. _bn. _iAño _jmes _vc _wq |
| 856 | 4 |
_uhttps://recyt.fecyt.es/index.php/CyTET/issue/archive _ytexto completo desde n. 0 (1968) |
|
| 866 | 0 |
_a(2000-2001)2003- _zUbicación: DEPÓSITO - 55/970 _zUbicación: SALA - REV.-5.2.-1 |
|
| 905 |
_1Boletín C _fP _kSÍ _nCiuTerri _pA |
||
| 942 |
_2CES _cCR _h5.2. |
||
| 999 |
_c25932 _d25932 |
||